LEADER 00657nam0-22002291i-450- 001 990001245210403321 035 $a000124521 035 $aFED01000124521 035 $a(Aleph)000124521FED01 035 $a000124521 100 $a--------d--------km-y0itay50------ba 101 0 $aeng 200 1 $a<>Mathematical Introduction to Logic$fBY E NDERTON H.B. 210 $aNew York [etc.]$cAcademic Press$d1972 700 1$aEnderton,$bHerbert B.$041993 801 0$aIT$bUNINA$gRICA$2UNIMARC 901 $aBK 912 $a990001245210403321 952 $a11-L-14$b12386$fMA1 959 $aMA1 996 $aMathematical introduction to logic$979087 997 $aUNINA LEADER 02028nam2 2200517 450 001 000033301 005 20141211100457.0 010 $a0 19 814505 5 100 $a20120911d1907----km-y0itaa50------ba 101 0 $agrc 102 $aGB 200 1 $a<> Lysistratam, Thesmophoriazusas, Ranas, Ecclesiazusas, Plutum, fragmenta, indicem nominum continens 205 $aSecond edition 210 $aOxonii$ce Typographeo Clarendoniano$d1907 215 $a359 p.$d19 cm 225 2 $aScriptorum classicorum bibliotheca Oxoniensis 410 0$12001$aScriptorum classicorum bibliotheca Oxoniensis 461 1$1001000033299$12001$aAristophanis Comoediae$vvol. 2 500 11$aLysistrata / Aristophanes$917211 500 11$aThesmophoriazusae / Aristophanes$917212 500 11$aRanae / Aristophanes$917879 500 11$aEcclesiazusae / Aristophanes$920069 500 11$aPlutus / Aristophanes$916586 501 1 $aComoediae / Aristophanes 676 $a882.01$v(22. ed.)$9Dramma e poesia drammatica in greco classico. Origini-500 700 0$aAristophanes$f$0160835 702 1$aHall,$bFrederick William 702 1$aGeldart,$bWilliam M 801 0$aIT$bUniversità della Basilicata - B.I.A.$gREICAT$2unimarc 912 $a000033301 996 $aEcclesiazusae$920069 996 $aThesmophoriazusae$917212 996 $aLysistrata$917211 996 $aRanae$917879 996 $aPlutus$916586 997 $aUNIBAS CAT $aEXT013$b01$c20120911$lBAS01$h0931 CAT $aEXT013$b01$c20120911$lBAS01$h0933 CAT $aEXT013$b01$c20140610$lBAS01$h1022 CAT $aEXT013$b01$c20141111$lBAS01$h0840 CAT $aEXT013$b01$c20141111$lBAS01$h0842 CAT $aATR$b40$c20141111$lBAS01$h1421 CAT $aATR$b00$c20141211$lBAS01$h1004 CAT $aEXT013$b01$c20141211$lBAS01$h1004 FMT Z30 -1$lBAS01$LBAS01$mBOOK$1BASA1$APolo Storico-Umanistico$2GEN$BCollezione generale$3FP/CLASSICI 1199$615534$5L15534$820120911$f02$FPrestabile Generale